000 00463pab a2200169 454500
008 180718b2002-03 xxu||||| |||| 00| 0 eng d
100 _aPlunkett, Eric
245 _aFrom home to quality care: designing systems of quality assurance for older people in residential care
260 _c2002-03
300 _ap.51-67.
362 _aWinter
650 _aOld age
650 _aElderly
700 _aBraierd, Mary
773 _aAdministration
909 _a55749
999 _c55749
_d55749